Takáts Sándor emlékezete felolvasta a Magyar Tudományos Akadémiának 1936. évi február hó 24-én tartott összes ülésén /

Elmentve itt :
Bibliográfiai részletek
Szerző: Nagy Miklós
Dokumentumtípus: Cikk
Megjelent: Magyar Tudományos Akadémia Budapest 1937
Kulcsszavak:Takáts Sándor, Történettudomány - magyar - 19-20. sz. - életrajz - emlékbeszéd
Tárgyszavak:
Online Access:http://misc.bibl.u-szeged.hu/66127
LEADER 00931nab a2200217 i 4500
001 misc66127
005 20230505095440.0
008 221122s1937 hu o 0|| ger d
040 |a SZTE Miscellanea Repozitórium  |b hun 
041 |a ger 
100 1 |a Nagy Miklós 
245 1 0 |a Takáts Sándor emlékezete   |h [elektronikus dokumentum] :  |b felolvasta a Magyar Tudományos Akadémiának 1936. évi február hó 24-én tartott összes ülésén /  |c  Nagy Miklós 
260 |a Magyar Tudományos Akadémia  |b Budapest  |c 1937 
300 |a 113 p.  |c 23 cm 
561 |a Németh Gyula hagyaték 
591 |a NOV 4004; X 201308 
650 4 |a Bölcsészettudományok 
650 4 |a Történettudomány és régészet 
650 4 |a Nyelvek és irodalom 
695 |a Takáts Sándor, Történettudomány - magyar - 19-20. sz. - életrajz - emlékbeszéd 
856 4 0 |u http://misc.bibl.u-szeged.hu/66127/1/4004_noa.pdf  |z Dokumentum-elérés